<?xml version="1.0" encoding="UTF-8"?>
<record
    xmlns:xsi="http://www.w3.org/2001/XMLSchema-instance"
    xsi:schemaLocation="http://www.loc.gov/MARC21/slim http://www.loc.gov/standards/marcxml/schema/MARC21slim.xsd"
    xmlns="http://www.loc.gov/MARC21/slim">

  <leader>01348nam a2200217   4500</leader>
  <controlfield tag="001">143083</controlfield>
  <controlfield tag="003">ES-MaACL</controlfield>
  <controlfield tag="005">20230906200721.0</controlfield>
  <controlfield tag="007">t|</controlfield>
  <controlfield tag="008">070214s1914    fr      r    ||||1| fre d</controlfield>
  <datafield tag="100" ind1="1" ind2=" ">
    <subfield code="a">Seligman, Edwin Robert Anderson (</subfield>
    <subfield code="d">1861-1939)</subfield>
    <subfield code="9">105306</subfield>
  </datafield>
  <datafield tag="245" ind1="1" ind2="0">
    <subfield code="a">Essais sur l'imp&#xF4;t / </subfield>
    <subfield code="c">par Edwin R. A. Seligman ; traduction fran&#xE7;aise, d'apr&#xE8;s la 8e &#xE9;dition am&#xE9;ricaine, par Louis Suret.</subfield>
  </datafield>
  <datafield tag="260" ind1=" " ind2=" ">
    <subfield code="a">Paris : </subfield>
    <subfield code="b">[s. n.], </subfield>
    <subfield code="c">1914 (</subfield>
    <subfield code="e">Saint-Amand : </subfield>
    <subfield code="f">Imp. Bussi&#xE8;re)</subfield>
  </datafield>
  <datafield tag="300" ind1=" " ind2=" ">
    <subfield code="a">2 v. ; </subfield>
    <subfield code="c">23 x 14 cm.</subfield>
  </datafield>
  <datafield tag="490" ind1="1" ind2=" ">
    <subfield code="a">Biblioth&#xE8;que internationale de science et de l&#xE9;gislation financi&#xE8;res</subfield>
  </datafield>
  <datafield tag="500" ind1=" " ind2=" ">
    <subfield code="a">Contiene: I . &#xC9;volution de l'imp&#xF4;t. L'imp&#xF4;t g&#xE9;n&#xE9;ral sur la propri&#xE9;t&#xE9;. L'imp&#xF4;t unique. La double imposition. L'imp&#xF4;t sur les successions. L'imposition des soci&#xE9;t&#xE9;s ------ II . Probl&#xE8;mes fiscaux contemporains. &#xC9;volution de l'imp&#xF4;t. Revenus d'&#xC9;tat et revenus locaux. Finances d'&#xE9;tat et finances f&#xE9;d&#xE9;rales. Pr&#xE9;cision dans les impositions. Classification des revenus publics. Betterment tax? R&#xE9;formes r&#xE9;centes. Ouvrages r&#xE9;cents. Rapports am&#xE9;ricains sur l'imp&#xF4;t. L'imp&#xF4;t f&#xE9;d&#xE9;ral sur le revenu de 1913.</subfield>
  </datafield>
  <datafield tag="700" ind1="1" ind2=" ">
    <subfield code="a">Suret, Louis.</subfield>
    <subfield code="9">108826</subfield>
  </datafield>
  <datafield tag="830" ind1="0" ind2=" ">
    <subfield code="a">Biblioth&#xE8;que internationale de science et de l&#xE9;gislation financi&#xE8;res</subfield>
    <subfield code="9">187265</subfield>
  </datafield>
  <datafield tag="852" ind1=" " ind2=" ">
    <subfield code="a">ES-MaACL</subfield>
    <subfield code="j">D-4073-74</subfield>
  </datafield>
  <datafield tag="999" ind1=" " ind2=" ">
    <subfield code="c">143083</subfield>
    <subfield code="d">143083</subfield>
  </datafield>
  <datafield tag="952" ind1=" " ind2=" ">
    <subfield code="0">0</subfield>
    <subfield code="1">0</subfield>
    <subfield code="4">0</subfield>
    <subfield code="7">0</subfield>
    <subfield code="a">ATENEOM</subfield>
    <subfield code="b">ATENEOM</subfield>
    <subfield code="c">SVI</subfield>
    <subfield code="d">2008-01-17</subfield>
    <subfield code="e">SC</subfield>
    <subfield code="l">0</subfield>
    <subfield code="o">D-4073-74</subfield>
    <subfield code="p">901148869</subfield>
    <subfield code="r">2023-02-23 00:00:00</subfield>
    <subfield code="w">2023-02-23</subfield>
    <subfield code="y">MONOGRAFIA</subfield>
  </datafield>
</record>
